State Capitals Closest to Chicago - Statistics

General Stats
  • This quiz has been taken 126 times
    110 since last reset
  • The average score is 8 of 10
Answer Stats
Distance State Capital % Correct
121.4 Madison
97%
165.1 Indianapolis
96%
275.9 Columbus
89%
167.8 Lansing
86%
178.7 Springfield
86%
308.5 Des Moines
83%
346.9 St. Paul
76%
294.1 Frankfort
73%
330.8 Jefferson City
73%
397.7 Nashville
70%
No matching quizzes found
Score Distribution
Percent of People with Each Score
Percentile by Number Answered
Your Score History
You have not taken this quiz since the last reset